00581 2200169 4500001002100000005001700021008004100038035002500079082001100104090001900115245009900134260007100233300002200304650005500326850001200381990001800393YOGYA-0209000004484520150320124058.0 ind  a0010-020900000044845 a629.13 aRT 629.13bNas aNASKAH ilmiah persiapan rancangan undang-undang (Academic Draft) tentang hipotek pesawat udara aJakartabDepartemen Kehakiman Badan Pembinaan Hukum Nasionalc1981 aiv, 58 hlmc21 cm aPesawat Terbang - Undang-undang dan Peraturan, dsb aYOPDYOG a27153-pd/a.07